Normal view
MARC view
Entry Topical Term
001 - CONTROL NUMBER
- control field: 28898
003 - CONTROL NUMBER IDENTIFIER
- control field: dpl
005 - DATE AND TIME OF LATEST TRANSACTION
- control field: 20110628111448.0
008 - FIXED-LENGTH DATA ELEMENTS
- fixed length control field: 110628|||a|||||| | ||| d
040 ## - CATALOGING SOURCE
- Original cataloging agency: dpl
- Transcribing agency: dpl
150 ## - HEADING--TOPICAL TERM
- Topical term or geographic name as entry element: Constitutional law
- Geographic subdivision: India
670 ## - SOURCE DATA FOUND
- Source citation: Work cat.: (dpl): 28493 Ghaṭāṭe, N. M., Emergency, constitution, and democracy :, 2011
670 ## - SOURCE DATA FOUND
- Source citation: Work cat.: (dpl): 28493 Ghaṭāṭe, N. M., Emergency, constitution, and democracy :, 2011
